ბათუმის შოთა რუსთაველის სახელმწიფო უნივერსიტეტის ბიბლიოთეკა

პაროდონტიტის დროს განვითარებული იმუნური მაჩვენებლების ცვლილებები იმუნომოდულაციის პროცესში : დისერტაცია / (ბიბ.ჩანაწერი № 55455)

000 -ლიდერი
ფიქსირებული სიგრძის საკონტროლო ველი 01824nam a2200277Ia 4500
001 - საკონტროლო ნომერი
საკონტროლო ველი 22537
003 - საკონტროლო ნომრის იდენტიფიკატორი
საკონტროლო ველი GE_BSU
005 - ბოლო ოპერაციის თარიღი და დრო
საკონტროლო ველი 20220920100128.0
008 - ფიქსირებული სიგრძის მონაცემთა ელემენტები - ზოგადი ინფორმაცია
ფიქსირებული სიგრძის საკონტროლო ველი 181216s2013||||ge |||||||||||||| ||geo||
040 ## - კატალოგიზაციის წყარო
Transcribing agency GE_BSU
041 ## - ენის კოდი
Language code of text/sound track or separate title geo
080 ## - უნივერსალური ათობითი კლასიფიკაციის ინდექსი
Universal Decimal Classification number 616.31 გ-59
100 ## - მთავარი ჩანაწერი - პიროვნების სახელი
Personal name გოგებაშვილი, ნინო
9 (RLIN) 7961
245 ## - ცნობა სათაურის შესახებ
Title პაროდონტიტის დროს განვითარებული იმუნური მაჩვენებლების ცვლილებები იმუნომოდულაციის პროცესში : დისერტაცია /
Statement of responsibility, etc ნინო გოგებაშვილი; სამეცნიერო ხელმძღვანელი ნოდარ გოგებაშვილი; თბილისის სახელმწიფო სამედიცინო უნივერსიტეტი
264 ## - წარმოების, გამოცემის, დისტრიბუციის და სხვა ცნობები
გამოცემის, წარმოების, დისტრიბუციის... ადგილი თბილისი,
გამოცემის, წარმოების, დისტრიბუციის... თარიღი 2013.
300 ## - ფიზიკური აღწერა
Extent 165 გვ. ;
Other physical details 23 სმ.
504 ## - BIBLIOGRAPHY, ETC. NOTE
Bibliography, etc ბიბლ.გვ. 132-134
653 ## - INDEX TERM--UNCONTROLLED
Uncontrolled term პაროდონტიტის დროს განვითარებული იმუნური მაჩვენებლების ცვლილებები იმუნომოდულაციის პროცესში
653 ## - INDEX TERM--UNCONTROLLED
Uncontrolled term სტომატოლოგია
653 ## - INDEX TERM--UNCONTROLLED
Uncontrolled term დისერტაცია
653 ## - INDEX TERM--UNCONTROLLED
Uncontrolled term პაროდონტიტი
653 ## - INDEX TERM--UNCONTROLLED
Uncontrolled term მედიცინა
700 ## - ADDED ENTRY--PERSONAL NAME
Personal name გოგებაშვილი, ნოდარ
Relator term სამეცნიერო ხელმძღვანელი
9 (RLIN) 11299
710 ## - ADDED ENTRY--CORPORATE NAME
Corporate name or jurisdiction name as entry element თბილისის სახელმწიფო სამედიცინო უნივერსიტეტი
9 (RLIN) 11641
942 ## - ADDED ENTRY ELEMENTS (KOHA)
Koha item type წიგნი
Source of classification or shelving scheme
ეგზემპლარები
ჩამოწერის სტატუსი დაკარგული ეგზემპლარის სტატუსი კლასიფიკაციის წყარო ან თაროზე გაწყობის სქემა დაზიანების სტატუსი არ გაიცემა მუდმივი მდებარეობა (დაცვის ადგილი) ამჟამინდელი ადგილსამყოფელი შეძენის თარიღი სრული შენახვის შიფრი შტრიხკოდი ბოლო ოპერაციის თარიღი ეგზემპლარის მიმდევრობითი ნომერი (კეტერი?) ფასის ძალაში შესვლის თარიღი ეგზემპლარის სახეობა საჯარო შენიშვნა
        შიდა ფონდი ბათუმის შოთა რუსთაველის სახელმწიფო უნივერსიტეტის მთავარი ბიბლიოთეკა ბათუმის შოთა რუსთაველის სახელმწიფო უნივერსიტეტის მთავარი ბიბლიოთეკა 2018-12-17 616.31 გ-59 120 დისერტ 2018-12-17 120 2018-12-17 დისერტაცია